| 000 | 00519nam a2200181Ia 4500 | ||
|---|---|---|---|
| 008 | 140529s9999 xx 000 0 und d | ||
| 020 | _a1841122475 | ||
| 050 |
_aHD 58.8 _b.C329 2002 |
||
| 100 | _aCartwright, Roger. | ||
| 245 |
_aCreating the entrepreneurial organization / _cRoger Cartwright |
||
| 260 |
_aOxford, U.K. : _bCapstone Pub., _cc2002. |
||
| 300 |
_a118 p. ; _c18 cm. |
||
| 500 | _aIncludes index. | ||
| 521 | _aBSBA | ||
| 650 | _aCreative ability in business. | ||
| 942 |
_kFOR _cBK |
||
| 999 |
_c117825 _d117825 |
||